University Home | Library Home | Institutional Repository

Child and citizen: (Record no. 112004)

MARC details
000 -LEADER
fixed length control field 00535cam a2200145 4500
008 - FIXED-LENGTH DATA ELEMENTS--GENERAL INFORMATION
fixed length control field 090112n 000 0 eng u
020 ## - INTERNATIONAL STANDARD BOOK NUMBER
International Standard Book Number 086857483X
035 ## - SYSTEM CONTROL NUMBER
System control number (Sirsi) a163577
050 ## - LIBRARY OF CONGRESS CALL NUMBER
Classification number LC 1024.A8 CHI 1993
110 1# - MAIN ENTRY--CORPORATE NAME
Corporate name or jurisdiction name as entry element Institute of cultural policy studies
245 ## - TITLE STATEMENT
Title Child and citizen:
Remainder of title genealogies of schooling and subjectivity/
Statement of responsibility, etc. by Institute of cultural policy studies.
260 ## - PUBLICATION, DISTRIBUTION, ETC.
Place of publication, distribution, etc. Queensland :
Name of publisher, distributor, etc. Institute for cultural and policy studies,
Date of publication, distribution, etc. 1993.
300 ## - PHYSICAL DESCRIPTION
Extent 290p.
650 ## - SUBJECT ADDED ENTRY--TOPICAL TERM
Topical term or geographic name entry element Education--Humanistic--Austrlia

No items available.

© 2026 - The University of Zambia Library - Koha v25.11